| 000 | 00693nam a2200241 a 4500 | ||
|---|---|---|---|
| 999 |
_c4817 _d4817 |
||
| 001 | 4817 | ||
| 003 | BD-JhCC | ||
| 005 | 20171206170024.0 | ||
| 008 | 171203s1950 bg |||| ||a| 000 0 ben d | ||
| 035 | _a(BD-JhCC)4817 | ||
| 040 |
_aBD-JhCC _dBD-JhCC |
||
| 041 | _aben | ||
| 082 |
_a972 _bLRL 1950 |
||
| 100 | _aলেরেলডি, এলসা | ||
| 245 |
_aমেক্সিকো / _cএলসা লেরেলডি |
||
| 260 |
_aঢাকা _bসাহিত্যিকা, _c১৯৫০. |
||
| 300 |
_a155 p. : _c১৮ cm. |
||
| 650 | _aMexico | ||
| 650 | _aTravel | ||
| 700 | _aরহমান, চৌধুরী শামসুর | ||
| 942 |
_2ddc _cBK |
||